000
00257nmm a2200085Ia 4500
008
220120s9999||||xx |||||||||||||||||und||
100
_a
PCQ JULY 2010
_9
11228
245
0
_a
Software to empower your business,security tools
260
_a
Cyber tach publication
_c
2010
999
_c
139496
_d
139496